College Quizbowl Stats
College Quizbowl Stats
Circuits
Seasons
Sets
Records
Detailed Stats
About
Loading...
2023 ARCADIA at Ohio State
Tossups
Bonuses
Players
Teams
Categories (Tossup)
Categories (Bonus)
Freya Beinart
Kenyon B
Categories
Category
Powers
Gets
Negs
BBs
Points
Earliest Buzz
Avg. Buzz
First Buzzes
Top 3 Buzzes
Other Arts: Auditory
1
0
0
0
15
61
61.00
1
1
Science - Biology
0
1
0
0
10
90
90.00
0
1
Fine Arts - Visual Fine Arts
0
0
0
0
0
0.00
0
0
Science - Chemistry
0
0
0
0
0
0.00
0
0
Buzzes
Category
Answer
Value
Buzz Position
Other Arts: Auditory
Puerto Rico
15
61
Science - Biology
fluorescence
10
90
Science - Chemistry
calibration
0
129
Fine Arts - Visual Fine Arts
the night sky
0
143
Previous
1
Next